000 00349nam a2200133Ia 4500
005 20260326235445.0
008 260326s9999||||xx |||||||||||||| ||und||
100 _aArgan, Giulio Carlo
245 0 _aSalvación y caída del Arte Moderno /
_cGiulio Carlo Argan
260 _bEdiciones Nueva Visión
300 _a139 p.
650 _aARTE
942 _cBK
999 _c7545
_d7545